| 000 | 01416nam a2200349 i 4500 | ||
|---|---|---|---|
| 003 | EG-ScBUE | ||
| 005 | 20240806093446.0 | ||
| 008 | 170705s2014 ua bo f b 001 0dara d | ||
| 017 | _a2010 / 17655 | ||
| 020 | _a9789772088076 | ||
| 040 |
_aEG-ScBUE _bara _erda _dEG-ScBUE _cEG-ScBUE |
||
| 043 | _af-ua--- | ||
| 082 | 0 | 4 |
_a962.034 _bغ ب ا _222 |
| 100 | 1 |
_aغباشي، أحمد محمد علي، _eمؤلف. |
|
| 245 | 1 | 2 |
_aالمنشآت المعمارية في عصر الخديو إسماعيل : _bدراسة تاريخية أثرية / _cأحمد محمد علي غباشي. |
| 250 | _aالطبعة الأولى. | ||
| 264 | 1 |
_aالقاهرة : _bمكتبة مدبولي، _c2014. |
|
| 300 |
_a284 صفحة : _bخرائط، صور ؛ _c24 سم. |
||
| 336 |
_2rdacontent _aنص _btxt |
||
| 337 |
_aبدون وسيط _2rdamedia _bn |
||
| 338 |
_aمجلد _bnc _2rdacarrier |
||
| 490 | 0 |
_aصفحات من تاريخ مصر ؛ _v61 |
|
| 504 | _aيشتمل على إرجاعات ببليوجرافية وكشافات. | ||
| 590 | _aسامح | ||
| 600 | 0 | 7 |
_aإسماعيل، _cخديوي مصر، _d1895-1830. _2BUEsh |
| 650 | 7 |
_aالعمارة _xتاريخ _zمصر _yإسماعيل، 1863-1879. _2BUEsh |
|
| 651 | 7 |
_aمصر _xتاريخ _yإسماعيل، 1863-1879. _2BUEsh |
|
| 651 | 7 |
_aمصر _xآثار. _2BUEsh |
|
| 653 |
_bGGEN _bBUSBOL _bENGARC _cJuly2017 |
||
| 655 | _vReading book | ||
| 942 | _2ddc | ||
| 999 |
_c24988 _d24960 |
||